000 00551nam a22001817a 4500
003 UA-OsUOA
001 17740
007 ta
008 20040323b un ||||| |||| 00| 0 ukr d
100 _aКорнійчук Т.
942 _cSA
040 _aUA-OsUOA
_cUA-OsUOA
_dUA-OsUOA
245 _aУ піснях твоїх снагу черпаю: [Вірш присвяч. Т.Г. Шевченку]
300 _aС.2
955 _a0
773 0 _w0
_tСарненські новини
_dСарни
_d2004
_g№28/29/11 берез./
650 7 _aВірші
_2UDC
999 _c303908
_d303908